000 00461pab a2200169 454500
008 180718b2013 xxu||||| |||| 00| 0 eng d
100 _aHochstetler, Kathryn
245 _aThe renewed developmental state: The national development bank and the Brazil model
260 _c2013
300 _ap.1484-1499.
362 _aNov
650 _aBanks
700 _aMontero, Alfred P.
773 _aJournal of Development Studies
908 _aN
909 _a103194
999 _c103190
_d103190